[Event "ch-PriFO A"]
[Site "Tolyatti RUS"]
[Date "2011.03.13"]
[Round "4.26"]
[White "Sanzhaev,D"]
[Black "Uraev,I"]
[Result "1-0"]
[WhiteElo "2170"]
[BlackElo "2233"]

1.d4 e6 2.c4 Nf6 3.Nf3 c5 4.d5 exd5 5.cxd5 d6 6.Nc3 g6 7.Bf4 a6 8.a4 Bg7
9.e3 O-O 10.h3 Qe7 11.Be2 Nbd7 12.O-O h6 13.Bh2 b6 14.Re1 Rd8 15.Bf1 Ne8
16.Nd2 Rb8 17.e4 g5 18.Nc4 Ne5 19.Ne3 Qf6 20.Nf5 Nc7 21.Nxg7 Kxg7 22.Be2 Ng6
23.Bg4 Ne8 24.Bxc8 Rbxc8 25.Rf1 Qd4 26.Qc2 c4 27.Rad1 Qc5 28.Ne2 Kg8 29.Kh1 Ne5
30.f4 Nd3 31.Bg1 Qc7 32.fxg5 hxg5 33.Rf5 f6 34.Nd4 Nc5 35.Nc6 Rd7 36.Bd4 Rf7
37.Rdf1 Nd7 38.Qf2 b5 39.Rxg5+ Kf8 40.Qh4 Rg7 41.Rxg7 Kxg7 42.Rf3 Nf8 43.Bxf6+ Nxf6
44.Qxf6+ Kh7 45.Rg3  1-0

[Event "ch-Southern FR Men"]
[Site "Armavir RUS"]
[Date "2011.03.15"]
[Round "4"]
[White "Kryakvin,D"]
[Black "Bryzgalin,K"]
[Result "1-0"]
[WhiteElo "2573"]
[BlackElo "2461"]

1.d4 Nf6 2.c4 c5 3.d5 e6 4.Nc3 exd5 5.cxd5 d6 6.Nf3 g6 7.Nd2 Bg7 8.Nc4 O-O
9.Bf4 Ne8 10.e3 b6 11.a4 Ba6 12.Nb5 Bxb5 13.axb5 g5 14.Bg3 f5 15.f4 Nd7 16.Bd3 a6
17.fxg5 axb5 18.Rxa8 Qxa8 19.Nxd6 Qa5+ 20.Ke2 Qb4 21.Nxe8 Rxe8 22.Bxf5 Ne5
23.Qc2 c4 24.Rd1 Nd3 25.Bxd3 cxd3+ 26.Rxd3 Qg4+ 27.Ke1 Rc8 28.Qb3 Rc1+ 29.Rd1  1-0

[Event "ch-Moscow S/F 2011"]
[Site "Moscow RUS"]
[Date "2011.03.15"]
[Round "2"]
[White "Vrublevskaya,O"]
[Black "Seliverstov,Vl"]
[Result "0-1"]
[WhiteElo "2126"]
[BlackElo "2322"]

1.d4 Nf6 2.c4 e6 3.Nf3 c5 4.d5 exd5 5.cxd5 d6 6.Nc3 g6 7.e4 Bg7 8.Bd3 O-O
9.O-O a6 10.a4 Bg4 11.Bf4 Re8 12.h3 Bxf3 13.Qxf3 Qc7 14.Qg3 Bf8 15.Qh4 Nbd7
16.Bg5 Bg7 17.Rfc1 Nh5 18.a5 Ne5 19.Be2 h6 20.f4 hxg5 21.Qxg5 Nd7 22.f5 Qd8
23.Qd2 Bd4+ 24.Kh2 Be5+ 25.Kg1 Bf4  0-1

[Event "ch-Moscow S/F 2011"]
[Site "Moscow RUS"]
[Date "2011.03.15"]
[Round "2"]
[White "Omariev,M"]
[Black "Shmatkov,M"]
[Result "1-0"]
[WhiteElo "2340"]
[BlackElo "2163"]

1.d4 Nf6 2.c4 c5 3.d5 e6 4.Nc3 exd5 5.cxd5 d6 6.Nf3 g6 7.Bf4 a6 8.a4 Bg7
9.h3 Nh5 10.Bh2 f5 11.e3 O-O 12.Be2 f4 13.O-O fxe3 14.fxe3 Qe7 15.Qd3 Re8
16.e4 Nd7 17.Rae1 Bh6 18.Nd2 Ne5 19.Bxe5 Qxe5 20.Bxh5 Qd4+ 21.Qxd4 cxd4 22.Nc4 gxh5
23.Nxd6 Rf8 24.Nd1 Bd7 25.e5 Bxa4 26.e6 Rxf1+ 27.Rxf1 Bf8 28.Ne4 Bc2 29.Ndf2 Rd8
30.Nf6+ Kh8 31.N2e4 Be7 32.d6 Rxd6 33.Nxd6 Bxd6 34.Rf2 Bb3 35.Ne4 Bb4 36.Rf6 d3
37.Kf2  1-0

[Event "1st Alpine Ski Open"]
[Site "Anzere SUI"]
[Date "2011.03.18"]
[Round "3.7"]
[White "Altenburger,R"]
[Black "Emery,Stephane"]
[Result "1/2-1/2"]
[WhiteElo "2009"]
[BlackElo "2021"]

1.d4 Nf6 2.c4 c5 3.d5 e6 4.Nc3 exd5 5.cxd5 d6 6.Nf3 g6 7.e4 Bg7 8.Bb5+ Nfd7
9.O-O a6 10.Be2 b5 11.a4 b4 12.Nb1 O-O 13.Bg5 Qc7 14.Nbd2 Re8 15.Nc4 Nb6
16.Nfd2 Nxc4 17.Nxc4 Rxe4 18.Bd3 Re8 19.Re1 Rxe1+ 20.Qxe1 Bf8 21.a5 Nd7 22.Qe4 Bb7
23.Re1 Ne5 24.Nb6 Rb8 25.f4 Nxd3 26.Qxd3 c4 27.Qe3 Bg7 28.Qe8+ Rxe8 29.Rxe8+ Bf8
30.Bh6 Qe7 31.Rxf8+ Qxf8 32.Bxf8 Kxf8 33.Nxc4 Ke7 34.Ne3 Kf6 35.h4 h6 36.g3 g5
37.hxg5+ hxg5 38.Kf2 gxf4 39.gxf4 Bc8 40.Nc4 Bb7 41.Ne3 Bc8 42.Kf3 Bd7 43.Ke4 Ba4
44.Kd4 Bb5 45.Ke4 Ba4 46.Nc4 Ke7 47.Nb6 Bd1 48.Kf5 Bc2+ 49.Kg5 Be4 50.Nc8+ Kd7
51.Nb6+ Ke7  1/2-1/2

[Event "ch-PriFO A"]
[Site "Tolyatti RUS"]
[Date "2011.03.18"]
[Round "9.24"]
[White "Terentyev,V"]
[Black "Derbenev,A"]
[Result "1-0"]
[WhiteElo "2082"]
[BlackElo "2373"]

1.d4 Nf6 2.c4 c5 3.d5 e6 4.Nc3 exd5 5.cxd5 d6 6.Nf3 g6 7.Nd2 Bg7 8.e4 Nbd7
9.Be2 O-O 10.O-O Re8 11.Qc2 Ne5 12.h3 g5 13.Nf3 Nxf3+ 14.Bxf3 h6 15.a4 a6
16.Be2 Qe7 17.Bf3 Rb8 18.a5 b5 19.axb6 Rxb6 20.Bd2 g4 21.hxg4 Bxg4 22.Bxg4 Nxg4
23.g3 Reb8 24.Ra2 h5 25.Kg2 h4 26.Nd1 Rb3 27.Bc3 Bd4 28.Rh1 hxg3 29.fxg3 Bxc3
30.bxc3 Qg5 31.Qe2 Re8 32.Qf3 Ne5 33.Qf4 Qxf4 34.gxf4 Ng6 35.Kf3 Ra8 36.Rg2 Kf8
37.Rxg6 Ke7 38.Rh7 Rf8 39.e5 Rb6 40.Ne3  1-0

[Event "Caissa GM March 2011"]
[Site "Kecskemet HUN"]
[Date "2011.03.20"]
[Round "2.2"]
[White "Kislik,E"]
[Black "Sax,G"]
[Result "1/2-1/2"]
[WhiteElo "2319"]
[BlackElo "2525"]

1.d4 Nf6 2.c4 e6 3.Nf3 c5 4.d5 exd5 5.cxd5 d6 6.Nc3 g6 7.e4 a6 8.a4 Bg4 9.h3 Bxf3
10.Qxf3 Bg7 11.Be2 O-O 12.O-O Re8 13.Re1 Nbd7 14.Bf4 Qe7 15.Bf1 Nh5 16.Bh2 Ne5
17.Qe3 f5 18.exf5 gxf5 19.Qe2 Qh4  1/2-1/2

[Event "ch-NCA 2011"]
[Site "Managua NCA"]
[Date "2011.03.20"]
[Round "8.6"]
[White "Lacayo,R"]
[Black "Batres,F"]
[Result "1/2-1/2"]
[WhiteElo "2250"]
[BlackElo "2194"]

1.d4 Nf6 2.c4 e6 3.Nc3 c5 4.d5 exd5 5.cxd5 d6 6.Nf3 g6 7.e4 Bg7 8.Be2 O-O
9.O-O Nbd7 10.Nd2 a6  1/2-1/2

[Event "ch-NCA 2011"]
[Site "Managua NCA"]
[Date "2011.03.20"]
[Round "9.6"]
[White "Bravo,Will"]
[Black "Alfaro,W"]
[Result "1/2-1/2"]
[WhiteElo "2243"]
[BlackElo "2189"]

1.d4 Nf6 2.c4 c5 3.d5 e6 4.Nc3 exd5 5.cxd5 d6 6.Nf3 g6 7.Bf4 a6 8.e4 b5 9.Bd3 Bg7
10.O-O O-O 11.Qd2 b4 12.Ne2 Re8 13.Ng3 Bg4 14.Rfe1 Bxf3 15.gxf3 Qb6 16.a4 Nbd7
17.a5 Qc7 18.Rec1 Rec8 19.Kg2 Ne8 20.Be2 Qd8 21.Bg5 Bf6 22.Be3 Nc7 23.f4 Nb5
24.Bc4 Bg7  1/2-1/2

[Event "ch-VIE Women"]
[Site "Da Lat VIE"]
[Date "2011.03.23"]
[Round "5.5"]
[White "Tran Thi Ha Minh"]
[Black "Hoang Le My Anh"]
[Result "0-1"]
[WhiteElo "1988"]
[BlackElo "2014"]

1.d4 Nf6 2.c4 e6 3.Nf3 c5 4.d5 exd5 5.cxd5 d6 6.Nc3 g6 7.e4 Bg7 8.Bd3 O-O
9.O-O Bg4 10.h3 Bxf3 11.Qxf3 Nfd7 12.Qd1 Na6 13.a3 Nc7 14.Nb5 Ne5 15.Nxc7 Qxc7
16.Bc2 b5 17.Rb1 a5 18.f4 Nd7 19.e5 dxe5 20.fxe5 Bxe5 21.d6 Bxd6  0-1

[Event "5th Agzamov Mem"]
[Site "Tashkent UZB"]
[Date "2011.03.25"]
[Round "8"]
[White "Jumabayev,R"]
[Black "Ismagambetov,An"]
[Result "1-0"]
[WhiteElo "2562"]
[BlackElo "2496"]

1.d4 Nf6 2.c4 e6 3.Nf3 c5 4.d5 exd5 5.cxd5 d6 6.Nc3 g6 7.Nd2 a6 8.a4 Nbd7
9.e4 Bg7 10.Nc4 Nb6 11.Ne3 O-O 12.g3 Rb8 13.Bg2 Nbd7 14.a5 b5 15.axb6 Nxb6
16.O-O Ne8 17.Nb1 Nc7 18.Nd2 Bd7 19.Re1 Bb5 20.Qc2 Qd7 21.Ra3 a5 22.Rxa5 Na6
23.Bf1 Nb4 24.Qb1 Bxf1 25.Rxf1 f5 26.exf5 gxf5 27.Ndc4 Nc8 28.Rd1 Ne7 29.Ng2 Nbxd5
30.Qa2 Nb4 31.Ne5+ Nxa2 32.Nxd7 Nxc1 33.Nxb8 Rxb8 34.Rxc1 Bxb2 35.Rd1 Bd4
36.Ra7 Nd5 37.Nh4 Nc3 38.Rd2 Ne4 39.Rda2 c4 40.Rc7 Bc5 41.Nxf5 c3 42.Kg2 Nf6
43.Rc2 Rb3 44.Kf3 Kf8 45.Ne3 Ke8 46.Ke2 Bxe3 47.fxe3 Nd5 48.Ra7 Nb4 49.Rb7 d5
50.Kf1 Rb1+ 51.Kg2 Nxc2 52.Rxb1 Nxe3+ 53.Kf3 Nc4 54.Ke2 Nd2 55.Rb4 Kd7 56.Kd3 Ne4
57.Rb7+ Kc6 58.Rxh7 d4 59.Rh8 Kd7 60.Rf8 Nc5+ 61.Kc2 Ke6 62.Rd8 Ke5 63.h4 Na6
64.h5 Nb4+ 65.Kb3 c2 66.Kb2 d3 67.g4 Na2 68.Rc8 Nb4 69.Kc1 Kf6 70.h6 Kg6
71.g5 Nd5 72.Rc6+ Kh7 73.Kd2 Nf4 74.Rc7+ Kh8 75.Rc4  1-0

[Event "ch-VIE Women"]
[Site "Da Lat VIE"]
[Date "2011.03.26"]
[Round "9.2"]
[White "Hoang Thi Bao Tram"]
[Black "Pham Le Thao Nguyen"]
[Result "0-1"]
[WhiteElo "2311"]
[BlackElo "2349"]

1.d4 Nf6 2.Nf3 c5 3.d5 e6 4.c4 exd5 5.cxd5 d6 6.Nc3 g6 7.g3 Bg7 8.Bg2 O-O
9.O-O Na6 10.Nd2 Nc7 11.a4 b6 12.Qb3 Ba6 13.Nc4 Bxc4 14.Qxc4 a6 15.Qh4 Nd7
16.Bg5 f6 17.Bh6 f5 18.Qxd8 Raxd8 19.Bxg7 Kxg7 20.Rfc1 Nf6 21.Rc2 Rfe8 22.Rd2 Re7
23.b3 Kf7 24.h3 Rb8 25.Bf3 Nd7 26.Nd1 b5 27.axb5 axb5 28.Ne3 Nb6 29.Kg2 b4
30.Ra5 Kf6 31.h4 Ra8 32.Rxa8 Ncxa8 33.Ra2 Nc7 34.Nc4 Nxc4 35.bxc4 Ne8 36.e3 Rb7
37.Bd1 Ke7 38.Bb3 Nf6 39.Kf1 Nd7 40.Ke2 Nb6 41.Kd3 Nc8 42.Bd1 Ra7 43.Rxa7+ Nxa7
44.Kc2 Nc8 45.Kb3 Nb6 46.Bc2 Nd7 47.e4 fxe4 48.Bxe4 Ne5 49.f4 Ng4 50.h5 gxh5
51.Bxh7 Kf6 52.Bd3 Ne3 53.Be2 Nf5 54.Bxh5 Nxg3 55.Bg4 Nf5 56.Ka4 Ne3  0-1

[Event "Karposh Open"]
[Site "Skopje MKD"]
[Date "2011.04.02"]
[Round "1"]
[White "Kosic,D"]
[Black "Zdravkovic,DS"]
[Result "1-0"]
[WhiteElo "2466"]
[BlackElo "2002"]

1.d4 Nf6 2.Nf3 c5 3.d5 e6 4.c4 exd5 5.cxd5 d6 6.Nc3 a6 7.a4 g6 8.Bf4 Bg7
9.h3 O-O 10.e3 Re8 11.Nd2 Qc7 12.Nc4 Bf8 13.a5 Nbd7 14.Na4 Ne5 15.Nab6 Rb8
16.Bxe5 dxe5 17.Qb3 Bd7 18.Be2 Bb5 19.O-O Bxc4 20.Bxc4 Bd6 21.Be2 Nd7 22.Nc4 b5
23.axb6 Nxb6 24.Na5 Nd7 25.Qc2 Nf6 26.Rfd1 Ra8 27.e4 Reb8 28.Nc6 Rb6 29.Bc4 Qb7
30.b3 Kg7 31.Ra2 Ne8 32.f4 f6 33.fxe5 fxe5 34.Qc3 Qc7 35.Rf1 Nf6 36.Qd3 Qb7
37.Raf2 Rf8 38.g4 h6 39.Rf3 Qc8 40.R1f2 Rxc6 41.dxc6 Qxc6 42.Ra2 Be7 43.Rxa6 Qxe4
44.Ra7 Qe1+ 45.Rf1 e4 46.Rxe7+ Kh8 47.Rxe1 exd3 48.Bxd3  1-0

[Event "Karposh Open"]
[Site "Skopje MKD"]
[Date "2011.04.03"]
[Round "3"]
[White "Vojinovic,J"]
[Black "Smith,Bry"]
[Result "1/2-1/2"]
[WhiteElo "2278"]
[BlackElo "2466"]

1.d4 Nf6 2.c4 e6 3.Nf3 c5 4.d5 d6 5.Nc3 exd5 6.cxd5 g6 7.h3 Bg7 8.e4 a6 9.a4 Nbd7
10.Bd3 Nh5 11.Bg5 Bf6 12.Be3 Ne5 13.Be2 Nxf3+ 14.Bxf3 Ng7 15.Qd2 O-O 16.Rb1 Be5
17.b4 b6 18.O-O Bxh3 19.a5 Bd7 20.axb6 Qh4 21.Rfc1 Qh2+ 22.Kf1 cxb4 23.Rxb4 f5
24.Ke2 fxe4 25.Rxe4 Nf5 26.Rb1 Nxe3 27.Qxe3 Rae8 28.g3 Bxc3 29.b7 Rxe4 30.Qxe4 Bb5+
31.Rxb5 axb5 32.Qe6+ Kh8 33.Qxd6 Re8+ 34.Qe6 Rxe6+ 35.dxe6 Be5 36.e7 Bxg3
37.e8=Q+ Kg7 38.Qe7+ Kh6 39.Qf8+ Kg5 40.Qe7+  1/2-1/2

[Event "Karposh Open"]
[Site "Skopje MKD"]
[Date "2011.04.05"]
[Round "5"]
[White "Blagojevic,Dr"]
[Black "Nikolov,Mo"]
[Result "1/2-1/2"]
[WhiteElo "2524"]
[BlackElo "2571"]

1.d4 Nf6 2.c4 e6 3.Nf3 c5 4.d5 d6 5.Nc3 exd5 6.cxd5 g6 7.h3 Bg7 8.e4 O-O
9.Bd3 b5 10.Bxb5 Nxe4 11.Nxe4 Qa5+ 12.Nfd2 Qxb5 13.Nxd6 Qa6 14.N2c4 Nd7 15.O-O Ne5
16.Nxc8 Raxc8 17.Nxe5 Bxe5 18.Re1  1/2-1/2

[Event "11th BCC Thailand Open"]
[Site "Pattaya THA"]
[Date "2011.04.13"]
[Round "5.3"]
[White "Murshed,N"]
[Black "Morris,J"]
[Result "1/2-1/2"]
[WhiteElo "2455"]
[BlackElo "2227"]

1.d4 Nf6 2.c4 e6 3.Nf3 c5 4.d5 exd5 5.cxd5 d6 6.Nc3 g6 7.g3 Bg7 8.Bg2 O-O
9.O-O Re8 10.Re1 Na6 11.e4 Bg4 12.h3 Bxf3 13.Bxf3 Nd7 14.Bg2 c4 15.Bf1  1/2-1/2

[Event "ch-SRB w 2011"]
[Site "Belgrade SRB"]
[Date "2011.04.15"]
[Round "5"]
[White "Rakic,Ma"]
[Black "Chelushkina,I"]
[Result "1/2-1/2"]
[WhiteElo "2309"]
[BlackElo "2314"]

1.d4 Nf6 2.c4 e6 3.Nc3 c5 4.d5 exd5 5.cxd5 d6 6.Nf3 g6 7.e4 a6 8.h3 Bg7 9.a4 O-O
10.Bd3 Re8 11.O-O Nbd7 12.Bf4 c4 13.Bc2 Nc5 14.Re1 Qb6 15.e5 dxe5 16.a5 Qxb2
17.Ra2 Qb4 18.Bd2 Nb3 19.Ra4 Qd6 20.Bxb3 cxb3 21.Qxb3 Bf5 22.Rb4 Bc2 23.Qb2 e4
24.Rb6 Qc5 25.Be3 Qc8 26.Nd4 Bd3 27.Rc1 Qd8 28.Rxb7 Rc8 29.Nc6 Qd6 30.Qb6 Nd7
31.Qa7 Ne5 32.Nxe4 Bxe4 33.Ne7+ Kh8 34.Nxc8 Qxd5 35.Re7 Rg8 36.Nb6 Qxa5 37.Rec7 Nd3
38.Rc8 Nxc1 39.Rxg8+ Kxg8 40.Qb8+ Bf8 41.Nd7 Qe1+ 42.Kh2 Qb4 43.Qxf8+ Qxf8
44.Nxf8 Nb3 45.Nd7 f5 46.Nc5 Nxc5 47.Bxc5 a5 48.f3 Bd3 49.Kg3 Kf7 50.f4 Be4
51.Kf2 h5 52.g3 Ke6 53.h4 Kd5 54.Bb6 a4 55.Ke3 Kc4 56.Bd4 a3 57.Be5 Kb3 58.Kd2 a2
59.Bf6 Bd5 60.Be5  1/2-1/2

[Event "TCh-CZE 2010-11"]
[Site "Czech Rep CZE"]
[Date "2011.04.16"]
[Round "10.2"]
[White "Dziuba,M"]
[Black "Simacek,P"]
[Result "1-0"]
[WhiteElo "2584"]
[BlackElo "2469"]

1.d4 Nf6 2.c4 c5 3.d5 e6 4.Nc3 exd5 5.cxd5 d6 6.Nf3 g6 7.Bf4 a6 8.a4 Bg7
9.h3 O-O 10.e3 Ne8 11.Be2 Nd7 12.O-O Rb8 13.a5 b5 14.axb6 Rxb6 15.Qc2 Qe7
16.Nd2 Ne5 17.Bh2 Nc7 18.Rfe1 Rb4 19.Bf1 c4 20.Bxe5 Bxe5 21.Nxc4 Bf5 22.Qd2 Bd7
23.Nxe5 Qxe5 24.f4 Qf6 25.e4 Rfb8 26.Ra2 Qh4 27.Rc1 R8b7 28.Kh2 f5 29.g3 Qf6
30.Bg2 R7b6 31.Rc2 Ne8 32.Qe2 fxe4 33.Rxa6 Bb5 34.Rxb6 Bxe2 35.Rxb4 Bd3 36.Nxe4 Bxe4
37.Rxe4 Qd8 38.Ra4 Qb8 39.b4 Kg7 40.Rca2 Nc7 41.Rc2 Nb5 42.Ra1 Qe8 43.Rc4 Qe3
44.Re4 Qc3 45.Rae1 Nd4 46.g4 g5 47.R1e3 Qd2 48.fxg5 Qf2 49.b5 Nxb5 50.Re7+ Kg6
51.R3e6+  1-0

[Event "TCh-CZE 2010-11"]
[Site "Czech Rep CZE"]
[Date "2011.04.17"]
[Round "11.1"]
[White "Polak,T"]
[Black "Simacek,P"]
[Result "1/2-1/2"]
[WhiteElo "2532"]
[BlackElo "2469"]

1.d4 Nf6 2.c4 c5 3.d5 e6 4.Nc3 exd5 5.cxd5 d6 6.Nf3 g6 7.h3 Bg7 8.e4 O-O
9.Bd3 b5 10.Bxb5 Nxe4 11.Nxe4 Qa5+ 12.Nfd2 Qxb5 13.Nxd6 Qa6 14.N2c4 Nd7 15.O-O Ne5
16.Nxc8 Raxc8 17.Nxe5 Bxe5 18.Re1 Rfe8 19.Bg5 Bd4 20.Qf3 Bxb2 21.Rad1 Qd6
22.Bf4 Be5 23.Rxe5 Rxe5 24.Bxe5 Qxe5 25.d6 Rd8 26.Qc6 Qe2 27.Rc1 Qd2 28.Qxc5  1/2-1/2

[Event "Caissa IM April 2011"]
[Site "Kecskemet HUN"]
[Date "2011.04.17"]
[Round "2.2"]
[White "Keresztes,R"]
[Black "Meszaros,Gyu"]
[Result "1/2-1/2"]
[WhiteElo "2249"]
[BlackElo "2422"]

1.d4 Nf6 2.c4 c5 3.d5 e6 4.Nc3 exd5 5.cxd5 d6 6.Nf3 g6 7.Nd2 Bg7 8.e4 O-O
9.Be2 a6 10.a4 Nbd7 11.O-O Rb8 12.Nc4 Ne8 13.h3 Ne5  1/2-1/2

[Event "Cez Cup GM 2011"]
[Site "Frydek Mistek CZE"]
[Date "2011.04.18"]
[Round "1"]
[White "Rojicek,V"]
[Black "Kanovsky,D"]
[Result "1/2-1/2"]
[WhiteElo "2422"]
[BlackElo "2480"]

1.d4 Nf6 2.c4 c5 3.d5 e6 4.Nc3 exd5 5.cxd5 d6 6.Nf3 g6 7.g3 Bg7 8.Bg2 O-O
9.O-O Na6 10.Nd2 Nc7 11.a4 b6 12.Nc4 Ba6 13.Na3 Re8 14.Re1 Ng4 15.e4 Ne5
16.Ncb5 Bxb5 17.axb5 c4 18.Bf1 f5 19.Nxc4 Nxc4 20.Bxc4 Rxe4 21.Rxe4 fxe4
22.Qg4 Qf6 23.Qd7 Rf8 24.Be3 Bh6 25.f4 exf3 26.Bxh6 Qxb2 27.Qg7+ Qxg7 28.Bxg7 f2+
29.Kf1 Kxg7 30.Rxa7 Rf7 31.Rb7 Ne8 32.Rxb6 Nf6 33.h3 Ne4 34.Kg2 Kf6 35.Rc6 Ke5
36.b6 Nd2 37.Bf1 Rb7 38.Kxf2 Nxf1 39.Kxf1 Kxd5 40.Rc7 Rxb6 41.Rxh7 Ke4 42.Rf7 d5
43.h4 d4 44.g4 d3 45.Ke1 Ke3 46.Re7+ Kf3 47.g5 Rb4 48.Kd2 Rxh4 49.Re6 Rg4
50.Rxg6 Kf4 51.Kxd3 Rxg5 52.Rxg5 Kxg5  1/2-1/2

[Event "Technomont IM 2011"]
[Site "Frydek Mistek CZE"]
[Date "2011.04.21"]
[Round "2"]
[White "Kulicov,O"]
[Black "Poloch,P"]
[Result "1-0"]
[WhiteElo "2415"]
[BlackElo "2264"]

1.d4 Nf6 2.Nf3 e6 3.c4 c5 4.d5 exd5 5.cxd5 d6 6.Nc3 g6 7.Bf4 a6 8.a4 Bg7
9.h3 O-O 10.e3 Qe7 11.Be2 Nfd7 12.O-O Ne5 13.Nd2 Nbd7 14.Re1 f5 15.Bh2 g5
16.f4 Nf7 17.Nc4 Rb8 18.Qb3 Bxc3 19.Qxc3 gxf4 20.exf4 Qf6 21.Qd2 b5 22.axb5 Rxb5
23.Rab1 Nb6 24.Na5 Rb4 25.Nc6 Re4 26.Bf3 Rxe1+ 27.Rxe1 Bd7 28.Bg3 Nc4 29.Qc2 Bxc6
30.dxc6 Qd4+ 31.Kh2 Ne3 32.Qb3 Nc4 33.c7 d5 34.Qb7 Ncd6 35.Qc6 Qxb2 36.Bxd5  1-0

[Event "Joao Braga Open"]
[Site "Sao Paolo BRA"]
[Date "2011.04.21"]
[Round "3.27"]
[White "Rezende,Guilherme Vilela"]
[Black "Pires,M"]
[Result "0-1"]
[WhiteElo "1975"]
[BlackElo "2133"]

1.d4 Nf6 2.c4 e6 3.Nf3 c5 4.d5 d6 5.Nc3 exd5 6.cxd5 g6 7.e4 Bg7 8.Be2 O-O
9.O-O Re8 10.Nd2 Nbd7 11.f4 a6 12.a4 c4 13.a5 Nc5 14.Qc2 Qe7 15.e5 Bf5 16.Qd1 Nfe4
17.Nxc4 Nxc3 18.bxc3 dxe5 19.d6 Qe6 20.Nb6 Rad8 21.g4 Be4 22.fxe5 Qxe5 23.Bc4 Ne6
24.d7 Re7 25.Ba3 Ng5 26.Rxf7 Rxf7 27.Bxf7+ Nxf7 28.Qb3 Bh6 29.Re1 Bf4 30.Bd6 Bxh2+
31.Kf2 Qf6+ 32.Ke3 Qf3+  0-1

[Event "15th Neckar Open"]
[Site "Deizisau GER"]
[Date "2011.04.22"]
[Round "2"]
[White "Gajewski,G"]
[Black "Hoeffer,D"]
[Result "1-0"]
[WhiteElo "2567"]
[BlackElo "2233"]

1.d4 Nf6 2.c4 e6 3.Nc3 c5 4.d5 exd5 5.cxd5 d6 6.Nf3 g6 7.Bf4 a6 8.a4 Bg7
9.h3 O-O 10.e3 Nh5 11.Bh2 f5 12.Be2 f4 13.O-O Nd7 14.Nd2 fxe3 15.fxe3 Rxf1+
16.Qxf1 Ne5 17.Bxh5 gxh5 18.Bxe5 Bxe5 19.Nc4 Qe7 20.Qf3 Bd7 21.Nxe5 Qxe5
22.Rf1 Qe7 23.Ne4 Bxa4 24.Qg3+ Kh8 25.Nxd6 Be8 26.Nf5 Qf6 27.Nd4 Qg7 28.Qxg7+ Kxg7
29.Ne6+ Kg6 30.Rf8 Rc8 31.d6 b5 32.e4 c4 33.e5 h4 34.Kf2 a5 35.Nc7 a4 36.Rxe8 Rxe8
37.Nxe8 Kf7 38.Nc7 c3 39.e6+ Kg7 40.bxc3 a3  1-0

[Event "1st CHN-w Masters"]
[Site "Jiangsu Wuxi CHN"]
[Date "2011.04.22"]
[Round "6"]
[White "Shen Yang"]
[Black "Wang Yu A"]
[Result "1/2-1/2"]
[WhiteElo "2443"]
[BlackElo "2398"]

1.d4 Nf6 2.Nf3 c5 3.d5 e6 4.c4 exd5 5.cxd5 d6 6.Nc3 g6 7.Bf4 a6 8.a4 Bg7
9.h3 O-O 10.e3 Qe7 11.Be2 Nbd7 12.O-O Rd8 13.Nd2 h6 14.Re1 Ne5 15.Bg3 g5
16.a5 Rb8 17.Qb3 g4 18.hxg4 Nfxg4 19.Bxa6 h5 20.Be2 h4 21.Bf4 Ng6 22.Bxg4 Bxg4
23.Qc4 h3 24.Bg3 Bf5 25.Nf3 hxg2 26.Ra3 Qf6 27.Nh4 b5 28.axb6 Rxb6 29.Nxf5 Qxf5
30.Qe4 Qxe4 31.Nxe4 Bxb2 32.Ra4 Be5 33.Kxg2 Bxg3 34.Nxg3 Ne7 35.Rd1 Rdb8
36.Ne4 f5 37.Ra7 R6b7 38.Rxb7 Rxb7 39.Nxd6 Rd7 40.Nc4 Rxd5 41.Rxd5 Nxd5 42.Nd6 Ne7
43.Kf3 Kg7 44.Nb7 c4 45.Nd6 c3 46.Ke2 Kf6 47.Kd3 Nd5 48.Nb5 Ke5 49.Nxc3 Nxc3
50.f4+ Kd5 51.Kxc3 Kc5 52.Kd2 Kd6 53.Ke1 Ke7 54.Kd1 Kd7 55.Kc1 Kc7 56.Kb1 Kd6
57.Kb2 Kd5 58.Kc2 Kc6 59.Kd3  1/2-1/2

[Event "Joao Braga Open"]
[Site "Sao Paolo BRA"]
[Date "2011.04.22"]
[Round "4.13"]
[White "Goncalves,I"]
[Black "Abdalla,L"]
[Result "1/2-1/2"]
[WhiteElo "1981"]
[BlackElo "2322"]

1.d4 Nf6 2.c4 c5 3.d5 e6 4.Nc3 exd5 5.cxd5 d6 6.Nf3 g6 7.e4 Bg7 8.Be2 O-O
9.O-O Re8 10.Nd2 a6 11.a4 Nbd7 12.Qc2 Rb8 13.Nc4  1/2-1/2

[Event "Luebeck GM"]
[Site "Luebeck GER"]
[Date "2011.04.27"]
[Round "3"]
[White "Svane,R"]
[Black "Kopylov,M"]
[Result "1/2-1/2"]
[WhiteElo "2216"]
[BlackElo "2446"]

1.d4 Nf6 2.c4 c5 3.d5 e6 4.Nc3 exd5 5.cxd5 d6 6.Nf3 g6 7.Bf4 a6 8.Nd2 b5
9.a4 Nh5 10.Be3 b4 11.Nce4 Nd7 12.Nc4 Ndf6 13.Nxf6+ Nxf6 14.g3 a5 15.Bg2 Ba6
16.Rc1 Bg7 17.Nxd6+ Qxd6 18.Bxc5 Qe5 19.f4 Qxb2 20.Bd4 Qa2 21.Rc2 Qa3 22.Bb2 Qe3
23.Bd4 Qa3 24.Bb2 Qe3 25.Bd4  1/2-1/2

[Event "TCh-SVK Extraliga 2010-11"]
[Site "Slovakia SVK"]
[Date "2011.05.06"]
[Round "9.1"]
[White "Markos,J"]
[Black "Petrik,T"]
[Result "1-0"]
[WhiteElo "2546"]
[BlackElo "2536"]

1.d4 e6 2.c4 Nf6 3.Nf3 c5 4.d5 exd5 5.cxd5 d6 6.Nc3 g6 7.Nd2 Nbd7 8.e4 a6
9.a4 Bg7 10.Be2 O-O 11.O-O Re8 12.Ra3 Rb8 13.Kh1 h5 14.a5 b5 15.axb6 Qxb6
16.Nc4 Qc7 17.Bf4 Bf8 18.Qc2 Rb4 19.f3 h4 20.Bg5 h3 21.g4 Nh7 22.Bd2 Bg7
23.Nd1 Kh8 24.Nf2 f5 25.Nxh3 fxg4 26.Nf4 Ndf8 27.fxg4 Nf6 28.Bxb4 cxb4 29.Rg3 Kg8
30.Bf3 N6d7 31.Rg2 a5 32.Ra1 Nb6 33.Nxb6 Qxb6 34.Qc6 Qe3 35.Qxe8 Bd7 36.Qd8 Qxf4
37.Rf1 Qe3 38.Qxa5 Qd4 39.Qc7 Bb5 40.Be2 Ba4 41.Qf7+ Kh8 42.Qe7 Kg8 43.Rg3 Bc2
44.Qf7+ Kh8 45.Rh3+ Nh7 46.Qe8+  1-0

[Event "4th Marko Jaric Mem"]
[Site "Stari Mikanovci CRO"]
[Date "2011.05.14"]
[Round "8"]
[White "Kozul,Z"]
[Black "Cvitan,O"]
[Result "1-0"]
[WhiteElo "2555"]
[BlackElo "2498"]

1.d4 Nf6 2.Nf3 e6 3.c4 c5 4.d5 d6 5.Nc3 exd5 6.cxd5 g6 7.e4 Bg7 8.Be2 O-O
9.O-O Bg4 10.Bf4 a6 11.a4 Bxf3 12.Bxf3 Qe7 13.Re1 Nbd7 14.Qd2 Rfe8 15.a5 Rab8
16.Na4 Ne5 17.Bxe5 Qxe5 18.Nb6 Qe7 19.e5 Nd7 20.exd6 Qxd6 21.Nc4 Qf6 22.Rxe8+ Rxe8
23.d6 Qh4 24.Qd5 Bd4 25.g3 Qf6 26.Qxb7 Rb8 27.Qd5 Rb4 28.Kg2 Ne5 29.Nxe5 Bxe5
30.d7 Rd4 31.Qc6 Rd6 32.Qc8+ Kg7 33.Re1 Rd3 34.Re3 Rd2 35.Rxe5  1-0

[Event "ch-CZE"]
[Site "Pardubice CZE"]
[Date "2011.05.15"]
[Round "4"]
[White "Polak,T"]
[Black "Kanovsky,D"]
[Result "1/2-1/2"]
[WhiteElo "2526"]
[BlackElo "2472"]

1.d4 Nf6 2.c4 c5 3.d5 e6 4.Nc3 exd5 5.cxd5 d6 6.Nf3 g6 7.h3 Bg7 8.e4 O-O
9.Bg5 Re8 10.Bd3 c4 11.Bc2 b5 12.a3 Bd7 13.O-O a5 14.Nd4 Qb6 15.Be3 Qb7 16.Qf3 Na6
17.Rad1 b4 18.Nce2 Nc5 19.Ng3 Re5 20.Bf4 b3 21.Bb1 Na4 22.Rd2 Rc8 23.Nge2 Rce8
24.Ng3 Qb6 25.Rfd1 Nxd5 26.Bxe5 Bxe5 27.exd5 Nxb2 28.Rxb2 Bxd4 29.Re2 c3
30.Rxe8+ Bxe8 31.Ne2 c2 32.Nxd4 cxd1=Q+ 33.Qxd1 a4 34.Ne2 Qc5 35.Qc1 Qxd5
36.Nc3 Qc4 37.Qe3 Bc6 38.f3 d5 39.Ne2 Bb5 40.Kf2 Qh4+ 41.Kf1 Qf6 42.Ke1 Qb2
43.Nc3 Bc4 44.Qe8+ Kg7 45.Qe5+ Kg8 46.Qe8+ Kg7 47.Qe5+  1/2-1/2

[Event "Serbian Cup 2011"]
[Site "Valjevo SRB"]
[Date "2011.05.16"]
[Round "1.3"]
[White "Vuckovic,Bo"]
[Black "Milenkovic,Ml"]
[Result "1-0"]
[WhiteElo "2617"]
[BlackElo "2405"]

1.d4 Nf6 2.c4 e6 3.Nc3 c5 4.d5 d6 5.Nf3 exd5 6.cxd5 g6 7.Nd2 a6 8.a4 Nbd7
9.e4 Bg7 10.Be2 O-O 11.O-O Re8 12.Qc2 Rb8 13.Nc4 Nb6 14.Nxb6 Qxb6 15.a5 Qc7
16.Re1 Qe7 17.Bf1 Nh5 18.b3 f5 19.Bb2 fxe4 20.Nxe4 Bf5 21.Bd3 Bxb2 22.Qxb2 Qe5
23.Qxe5 Rxe5 24.Re3 Kg7 25.Nxd6 Rxd5 26.Nxf5+ gxf5 27.Bc4 Rd6 28.Rae1 Nf6
29.Re5 Kg6 30.Rxc5 Rbd8 31.Rce5 Rd1 32.Kf1 Ne4 33.Rxd1 Rxd1+ 34.Ke2 Ra1 35.f3 Ra2+
36.Ke3 Nf6 37.Bd3 Rxg2 38.Bxf5+ Kf7 39.h3 Ra2 40.Rc5 Ra3 41.Rc7+ Ke8 42.Rxb7 Rxa5
43.Bd3 Rh5 44.Bf1 Kd8 45.Kf2 Nd7 46.b4 Rh6 47.f4 Rb6 48.Rxb6 Nxb6 49.Bg2 Kc7
50.Ke3 a5 51.bxa5 Nc4+ 52.Kd4 Nxa5 53.Bd5 Kd6 54.h4 h6 55.h5 Ke7 56.Ke5 Kd7
57.f5 Ke7 58.f6+ Kf8 59.Kf5  1-0

[Event "Serbian Cup 2011"]
[Site "Valjevo SRB"]
[Date "2011.05.17"]
[Round "2.1"]
[White "Abramovic,B"]
[Black "Kovacevic,A"]
[Result "0-1"]
[WhiteElo "2467"]
[BlackElo "2575"]

1.d4 Nf6 2.c4 e6 3.Nf3 c5 4.d5 d6 5.Nc3 exd5 6.cxd5 g6 7.g3 Bg7 8.Bg2 O-O
9.O-O Re8 10.Bf4 a6 11.a4 Qc7 12.Rc1 Nbd7 13.h3 Rb8 14.b4 Nh5 15.Bd2 Qb6
16.a5 Qxb4 17.Na4 Qe4 18.Ng5 Qe7 19.Qb3 Nhf6 20.Rfe1 h6 21.Nf3 Ne4 22.Bf4 g5
23.Bd2 Qd8 24.Nb6 Nxb6 25.axb6 Bf5 26.Ba5 Qd7 27.g4 Bg6 28.Nh2 f5 29.Rc4 Re7
30.Bf3 Rbe8 31.Nf1 f4 32.Rd1 Qb5 33.Qa2 Nf6 34.Kg2 Nd7 35.Rcc1 Nxb6 36.e3 Qa4
37.Rd2 Qxa2 38.Rxa2 Nd7 39.exf4 gxf4 40.Bc7 Be5 41.Nd2 Nf6 42.Bb6 Bf7 43.Nc4 Bxd5
44.Rd2 Bxf3+ 45.Kxf3 Ne4 46.Kxe4 Bb2+ 47.Kf3 Bxc1 48.Rc2 Re1 49.Nxd6 R8e6
50.Bxc5 Rd1 51.Nf5 Rd3+ 52.Kg2 f3+ 53.Kg3 Bg5 54.h4 Bd8 55.Be3 h5 56.g5 b5
57.Kxf3 b4 58.Rc8 Rd7 59.Nd4 Red6 60.Ke4 a5 61.Rb8 Kf7 62.Nf5 Re6+ 63.Kf3 Kg6
64.Ng3 Bc7 65.Rb5 Rf7+ 66.Kg2 Bxg3 67.Kxg3 Rf5  0-1